000 00399nam a22001457a 4500
020 _qHB.
040 _cFIZZA ISHAQ
082 _a362.11068
_bHOW
100 _aBERMAN,J.HOWARD.
_9134354
245 _aTHE FINANCIAL MANAGEMENT OF HOSPITALS /
_cHOWARD J.BERMAN.
250 _a6th ED.
260 _aNEW YORK ;
_bHEALTH ADMINISTRATION PRESS,
_c1971.
300 _a820 P. ;
_c9.5X6.3IN
942 _2ddc
_cBK
999 _c617334
_d617334